Países más poblados que todos sus vecinos juntos - Estadísticas

Estadísticas generales
  • Esta prueba ha sido intentada 73 veces
  • La puntuación promedio es 5 de 8
Estadísticas de respuestas
País % Correcto
Estados Unidos
95%
Sudáfrica
70%
Indonesia
65%
Nigeria
62%
Reino Unido
61%
Egipto
55%
Corea del Sur
45%
Haití
35%
No se encontraron pruebas coincidentes
Distribución de puntuación
Porcentaje de gente con cada puntuación
Porcentaje por número respondido
Historial de tus puntuaciones
No has intentado esta prueba.